000
00314nam a22001337a 4500
008
170522b xxu||||| |||| 00| 0 eng d
020
_a
9780395943656
041
_a
eng
080
_2
5 ED
_a
94
100
_a
16
101
_a
SHH
245
_a
WESTERN CIVILAZITTION A BRIEF HISTORY
_c
PERRY.M
942
_2
udc
_c
BK
999
_c
13747
_d
13747